00745nam a2200205 a 450000100100000000500170001000800410002702000150006804000130008308200220009610000370011824501000015526000380025530000230029350400500031665000470036665000370041365100660045070000230051600000679320200929154007.0090902s2003 dr 001 0 spa d a9993420247 aDO-SdBNP a398.2097293bUB151 aUbiñas Renville, Guaroad1944-10aHistorias y leyendas Afro-Dominicanas /cGuaroa Ubiñas Renville; prólogo Blas R. Jiménez. aSanto Domingo :bManatí,c2003. a189 p. : ;c23 cm. aIncluye refrencias bibliográficas (185-189) 4aLeyendas africanaszRepública Dominicana 4aFolklorezRepública Dominicana 4aRepública DominicanaxCivilizaciónxInfluencias Africanas1 aJiménez, Blas R.